Länder mit den meisten Christen - Statistiken

Allgemein
  • Dieses Quiz wurde 6.433 mal gespielt
  • Das Durchschnittsergebnis liegt bei 15 aus 20
Antwortstatistiken
Platz Land Anzahl Anteil in % % Korrekt
11. Deutschland 44,86 Mio. 53,9%
98%
1. Vereinigte Staaten 213 Mio. 65 %
98%
5. Russland 94,1 Mio. 64,4%
94%
2. Brasilien 180,77 Mio. 81,6%
93%
17. Frankreich 34 Mio. 50%
92%
9. Italien 53,23 Mio. 83%
90%
15. Argentinien 34,94 Mio. 77%
87%
3. Mexiko 111,96 Mio. 88,9%
87%
20. China 31,22 Mio. 3%
83%
14. Polen 36,97 Mio. 92,2%
81%
19. Vereinigtes Königreich 31,28 Mio. 46,2%
78%
10. Südafrika 52,88 Mio. 85,3%
72%
16. Ukraine 34,83 Mio. 81,9%
68%
12. Kolumbien 43,56 Mio. 92%
67%
4. Nigeria 107 Mio. 45,9%
65%
8. Demokratische Republik Kongo 63,15 Mio. 92%
56%
7. Äthiopien 77,48 Mio. 75%
43%
6. Philippinen 92,7 Mio. 85,3%
43%
13. Kenia 40,67 Mio. 85,5%
40%
18. Tansania 31,34 Mio. 61,4%
35%
Keine übereinstimmenden Quizze gefunden
Verteilung der Resultate
Anzahl Personen mit jedem Resultat
Perzentil nach korrekt beantworteten Fragen
Ihre Resultats-Entwicklung
Sie haben dieses Quiz noch nicht gespielt